Multiple Choice City Quiz - Strasbourg - Statistics

General Stats
  • This quiz has been taken 120 times
    73 since last reset
  • The average score is 5 of 10
Answer Stats
Question Answer % Correct
Which Pope adressed a speech in the European institutions in Strasbourg in 1988? John Paul II
76%
When did France lose Strasbourg during the Franco-Prussian War? 1871
69%
Which famous song was originally composed in Strasbourg? La Marseillaise
67%
How many inhabitants does Strasbourg have? 290 000
61%
Which European institution does the Louise-Weiss Building host? The European Parliament
57%
In which German city can you end if you stop at the tramway D line's terminus? Kehl
51%
How many bridges can you cross in Strasbourg? 230
43%
Under which Latin name was Strasbourg also known during the medieval times? Argentoratum
37%
What is the name of the river that crosses Strasbourg? The Ill
21%
When did the construction of the Cathedral of Our Lady of Strasbourg begin? 1015
12%
No matching quizzes found
Score Distribution
Percent of People with Each Score
Percentile by Number Answered
Your Score History
You have not taken this quiz since the last reset